000 04047cam a22012254i 4500
003 PE-LiUPU
005 20250813185635.0
008 150706s2013 pe r 000 0 spa d
020 _a9972044238
020 _a9789972044236
035 _a(Sirsi) i9789972044236
040 _aPE-LiUPU
_bspa
_cPE-LiUPU
_erda
049 _aPRUA
082 0 4 _a344.81
_bC83
_221
100 1 _aCoya Ponce, Juan,
_eautor.
245 1 4 _aLos delitos aduaneros :
_ben el nuevo código procesal penal /
_cJuan Coya Ponce.
264 1 _aLima :
_bGRIJLEY,
_c2013.
300 _a412 páginas ;
_c25 centímetros.
336 _atext
_2rdacontent
337 _aunmediated
_2rdamedia
338 _avolume
_2rdacarrier
505 0 _aTratamiento legal de los delitos aduaneros -- Delitos aduaneros -- Delimitación por razón de cuantía de los delitos aduaneros e infracciones administrativas -- Delitos aduaneros bajo el régimen del código de procedimientos penales -- Investigación y juzgamiento de delitos aduaneros -- medidas cautelares -- Consecuencias jurídicas del delito -- Principales innovaciones del decreto legislativo N° 957, aplicables a los delitos aduaneros -- Derogación de las normas procesales de la LDA -- Medidas cautelares reales en delitos aduaneros -- Terminación anticipada: Decreto legislativo N° 957 o artículo 20 de la ley N° 28008 (AP. N° 05-28008 CJ-116) -- Investigación de delitos aduaneros bajo las reglas del decreto legislativo N°957 -- Etapas del proceso penal -- La prueba -- Cooperación judicial internacional -- Detención y arresto ciudadano -- ¿Conducción o participación del ministerio público en las diligencias preliminares? -- Diligencias preliminares -- Formulización de la investigación preparatoria -- La ley de los delitos aduaneros -- Reglamento de la ley de los delitos aduaneros -- Ley general de Aduanas -- Reglamento de la ley general de aduanasssss.
526 _aP202
526 _aP201
526 _aP163
526 _aP162
526 _aP161
526 _aP160
526 _aP148
526 _aP147
526 _aP146
526 _aP145
526 _aP144
526 _aP143
526 _aP142
526 _aP141
526 _aP140
526 _aP139
526 _aP138
526 _aP137
526 _aP136
526 _aP135
526 _aP134
526 _aP133
526 _aP129
526 _aP128
526 _aP127
526 _aP120
526 _aP119
526 _aP118
526 _aP116
526 _aP115
526 _aP114
526 _aP110
526 _aP109
526 _aP108
526 _aP104
526 _aP103
526 _aP102
526 _aP99
526 _aP98
526 _aP97
526 _aP96
526 _aP95
526 _aP93
526 _aP90
526 _aP89
526 _aP88
526 _aP83
526 _aP82
526 _aP62
526 _aP59
526 _aP58
526 _aP57
526 _aP51
526 _aP49
526 _aP48
526 _aP47
526 _aP29
526 _aP24
526 _aP20
526 _aP19
526 _aP17
526 _aP15
526 _aP14
526 _aP12
526 _aP10
526 _aP09
526 _aP08
526 _aP07
526 _aP06
526 _aP05
526 _aP04
526 _aP01
541 _g001-000097;
650 0 4 _aDelitos aduaneros
_zPerú
_vManuales.
650 0 4 _aDelitos aduaneros
_xLegislación
_zPerú.
650 0 4 _aDelitos aduaneros
_xJurisprudencia
_zPerú.
910 _agl
_cbd
_d20131108
942 _2ddc
_cBOOK
949 _a344.81 C83
_wDEWEY
_c1
_i68957
_lCCODEBUL1
_mBUL
_p31.00
_r0
_sY
_tBOOK
_u2015-7-6
_xFCE
_PP08
_o.STAFF. Colección General
994 _aC0
_bPEPRU
596 _a1
999 _a344.81 C83
_wDEWEY
_c56127
_i68957
_f2021-11-5
_g6
_lCCODEBUL1
_mBUL
_p31.00
_r0
_sY
_tBOOK
_u2015-7-6
_xFCE
_zP08
_0COMPRA
_o.STAFF. Colección General
_d56127
980 _81
_gALBERTO SANCHEZ Responsable de Automatización